| 000 | 00738nam a22002177a 4500 | ||
|---|---|---|---|
| 999 |
_c157848 _d157848 |
||
| 005 | 20181005112235.0 | ||
| 010 | _aENG-124181 | ||
| 020 |
_a9789353161576 _c1050.00 |
||
| 035 | _aEN-107713 | ||
| 037 | _bDBAD/PUB. | ||
| 082 | _a005.133076 | ||
| 100 | _aSierra, Kathy | ||
| 245 |
_aOCP javaTM SE8 programmer II exam guid (Exam 1ZO-809) / _cby Kathy Sierra; Bert Bates [and] Elisabeth Robson |
||
| 260 |
_bTata McGraw Hill _c2018 _aChennai |
||
| 270 |
_a444,/1, Sri Ekambara Naicker Industrial Estate, Alapakkam, Porur, _bChennai _e600116 |
||
| 300 |
_axliv, 925p. _c25cm(pbk) _bill. |
||
| 500 | _aIt includes index | ||
| 700 | _a Bates, Bert | ||
| 700 | _a Robson, Elisabeth | ||
| 942 |
_2ddc _cEN _mSIE _h005.133076 |
||